00597nab a2200157uuc4500001000800000005001700008008004100025035001200066040001300078041000800091100004000099245010400139650002500243650002600268773014500294136940920240202114941.0140507e20140405 spa  a1369409 ccomduadb aspa10aPerez Carballo, Alejandro4auteaut10aDardos y conjuntos infinitos. El problema del contínuo a la luz de la teoría de la probabilidad aJuegos matemáticos aTeoría de conjuntos0 tInvestigación y Ciencia. Edición Española de Scientific American (Barcelona)gNúmero 451, Abril de 2014, 86-87w5406z0210136X03445